Trendy v manažérstve kvality

Salvato in:
Dettagli Bibliografici
Autori principali: Šatanová, Anna (Autore), Hekelová, Edita, 1954- (Autore), Závadský, Ján (Autore), Kučerová, Marta, 1957- (Autore), Klementová, Jarmila (Autore)
Altri autori: Šalgovičová, Jarmila (Revisore), Potkány, Marek (Revisore)
Natura: Libro
Lingua:slovacco
Pubblicazione: Zvolen : Technická univerzita vo Zvolene, 2014
Edizione:1. vyd.
Soggetti:
Accesso online:PODKL
Tags: Aggiungi Tag
Nessun Tag, puoi essere il primo ad aggiungerne!!

MARC

LEADER 00000nam a22000003a 4500
001 stu292018
005 20220401153444.7
008 140620s2014----xo------------------slo-d
020 |a 978-80-228-2641-9 
040 |a STU  |b slo 
041 0 |a slo 
044 |a xo 
080 |a 658.56 
100 1 |a Šatanová, Anna  |4 aut  |9 27 
245 1 |a Trendy v manažérstve kvality 
250 |a 1. vyd. 
260 |a Zvolen :  |b Technická univerzita vo Zvolene,  |c 2014 
300 |a 184 s 
500 |a Vega 1/0268/13, 1/0581/12, 1/0266/11 
650 7 |a manažérstvo kvality  |2 stusub 
700 1 |a Hekelová, Edita,  |d 1954-  |4 aut  |u J120  |9 22  |U SjF Ústav výrobných systémov, enviromentálnej techniky a manažment kvality  |T SjF Katedra výrobných systémov  |X 2429  |U J120  |Y 38  |7 A000002429 
700 1 |a Závadský, Ján  |4 aut  |9 14 
700 1 |a Kučerová, Marta,  |d 1957-  |4 aut  |u M4000  |9 19  |U MTF Materiálovotechnologická fakulta  |T MTF Ústav priemyselného inžinierstva a manažmentu  |X 1489  |U M4000  |Y 84  |7 A000001489 
700 1 |a Klementová, Jarmila  |4 aut  |9 18 
700 1 |a Šalgovičová, Jarmila  |4 rev 
700 1 |a Potkány, Marek  |4 rev 
856 4 |a podklad  |u https://is.stuba.sk/vv/pub_priloha.pl?id=293974  |3 PODKL 
996 |b 284M086118  |c M*13716-1  |l MMKN  |s A  |a 24  |w stu292018_0001 
996 |b 284M086119  |c M*13716-2  |l MMKN  |s A  |a 24  |w stu292018_0002 
996 |b 284M086120  |c M*13716-3  |l MMKN  |s A  |a 24  |w stu292018_0003 
996 |b 284M086121  |c M*13716-4  |l MMKN  |s A  |a 24  |w stu292018_0004 
996 |b 284M086122  |c M*13716-5  |l MMKN  |s A  |a 24  |w stu292018_0005